Statistics for Eesti linnad

Click here to take the quiz!

General Stats

  • This quiz has been taken 527 times
  • The average score is 27 of 47

Answer Stats

PopulationCity% Correct
434 810Tallinn
99%
97 847Tartu
98%
41 256Pärnu
97%
62 078Narva
95%
10 811Haapsalu
85%
18 257Viljandi
83%
13 152Kuressaare
82%
15 400Rakvere
82%
13 169Võru
81%
12 437Valga
79%
8370Paide
75%
3050Kärdla
71%
5501Jõgeva
70%
37 198Kohtla-Järve
69%
12 217Jõhvi
68%
5767Põlva
67%
5436Türi
66%
5202Rapla
65%
9751Keila
64%
4188Põltsamaa
63%
2108Otepää
62%
5766Tapa
59%
5607Elva
58%
4085Paldiski
58%
17 315Maardu
55%
1358Mustvee
50%
5514Saue
50%
14 122Sillamäe
49%
2751Räpina
46%
2632Narva-Jõesuu
45%
1399Lihula
43%
2729Tõrva
43%
2075Kilingi-Nõmme
42%
1291Antsla
41%
852Kallaste
41%
4076Sindi
41%
2759Loksa
39%
789Mõisaküla
39%
5634Kiviõli
36%
3179Kunda
36%
1039Suure-Jaani
36%
1931Karksi-Nuia
35%
1240Abja-Paluoja
33%
2679Kehra
33%
3874Tamsalu
30%
1314Võhma
30%
1083Püssi
29%

Score Distribution

Percentile by Number Answered

Percent of People with Each Score

Your Score History

You have not taken this quiz